| 000 | 01044nam a2200289 i 4500 | ||
|---|---|---|---|
| 001 | bg | ||
| 100 | 1 | _aRankine, Denzil. | |
| 245 | 1 | 0 |
_aPrzejęcia : _bstrategie i procedury / _cDenzil Rankine, Peter Howson ; tł. Tomasz Pietrzak. |
| 246 | 1 |
_iTyt. oryg.: _aAcquisition essentials : _ba step-by-step guide to smarter deals |
|
| 260 |
_aWarszawa : _bPolskie Wydawnictwo Ekonomiczne, _c2008. |
||
| 300 |
_a223 s. : _bil. ; _c24 cm. |
||
| 500 | _aTyt. oryg.: "Acquisition essentials : a step-by-step guide to smarter deals" 2006. | ||
| 650 | 9 |
_aPrzedsiębiorstwo _xwycena _xmetody |
|
| 650 | 9 | _aPrzejęcie przedsiębiorstwa | |
| 700 | 1 |
_aHowson, Peter _d(1957- ). |
|
| 700 | 1 |
_aPietrzak, Tomasz. _eTł. |
|
| 015 | _aPB 20116/2008 | ||
| 020 | _a9788320817713 | ||
| 040 | _cBPK | ||
| 041 | 1 |
_apol _heng |
|
| 044 | _aPOL | ||
| 080 | _a334.75:334.72:657.92 | ||
| 920 | _a978-83-208-1771-3 | ||
| 942 | _cKS | ||
| 008 | 080617s2008 pl a f |000 0 pol | ||
| 999 |
_c55602 _d55602 |
||
| 856 |
_uhttp://koha.tu.koszalin.pl/cgi-bin/koha/opac-detail.pl?biblionumber=55602 _yKatalog online BPK |
||